Top 10 des plus belles femmes au monde - Statistiques

Statistiques générales
  • Ce quiz a été pris 152 fois
  • Le résultat moyen est 2 sur 11
Statistiques - réponses
Hint Réponse % Correct
6# Angelina Jolie
55%
2# Megan Fox
52%
1# Madison Beer
50%
8# Adriana Lima
29%
7# Sydney Sweeney
25%
10# Natalie Portman
16%
5# Sabrina Carpenter
14%
9# Jennifer Lawrence
5%
4# Désiré Inglander
1%
BONUS IshowSpeed
1%
3# Jule Brand
1%
Aucun quiz correspondant
Distribution des résultats
% des personnes avec chaque résultat
Percentile par nombre de réponses
Votre historique - résultats
Vous n’avez pas pris ce quiz